Ley 2497 sobre violencia intrafamiliar (Record no. 9520)

MARC details
000 -LEADER
campo de control de longitud fija 00404nam a2200133Ia 4500
001 - NÚMERO DE CONTROL
campo de control 3474
008 - DATOS DE LONGITUD FIJA--INFORMACIÓN GENERAL
campo de control de longitud fija 241024s9999 xx 000 0 und d
082 ## - NÚMERO DE LA CLASIFICACIÓN DECIMAL DEWEY
Número de clasificación RD/348.086/R426l/24-97 LIBRO NO ESTA
100 ## - ENTRADA PRINCIPAL--NOMBRE DE PERSONA
Nombre de persona República Dominicana.Secretaría de Estado de la Mujer SEM
245 #0 - MENCIÓN DEL TÍTULO
Título Ley 2497 sobre violencia intrafamiliar
260 ## - PUBLICACIÓN, DISTRIBUCIÓN, ETC.
Nombre del editor, distribuidor, etc. Santo Domingo
Fecha de publicación, distribución, etc. 2004
901 ## - ELEMENTOS DE DATOS A LOCAL LDA (RLIN)
a 20/11/2013 8:46:39 a.m.

No items available.

© 2024. Todos los Derechos Reservados. Desarrollado por IDEICE